[Event "Gibtelecom ChallWk1 6th"]
[Site "Gibraltar"]
[Date "2008.01.23"]
[Round "2.12"]
[White "Vasvari, Tamas"]
[Black "Bryn, Askild"]
[Result "1/2-1/2"]
[WhiteElo "2174"]
[BlackElo "1997"]
[PlyCount "68"]
[EventDate "2008.01.22"]
[EventType "swiss"]
[EventRounds "5"]
[EventCountry "GGB"]
[SourceTitle "BritBase"]
[Source "www.saund.co.uk"]
[SourceDate "2018.02.10"]
[SourceVersion "1"]
[SourceVersionDate "2018.02.10"]
[SourceQuality "1"]

1. e4 c5 2. Nf3 Nc6 3. d4 cxd4 4. Nxd4 e5 5. Nb5 h6 6. Nd6+ Bxd6 7. Qxd6 Qe7 8.
Qd3 Nf6 9. c4 Nd4 10. Nc3 O-O 11. f4 d6 12. f5 a6 13. a4 b6 14. Be3 Bb7 15. Be2
Rac8 16. Bxd4 exd4 17. Qxd4 Nxe4 18. Nxe4 Qxe4 19. Qxe4 Bxe4 20. O-O Rfe8 21.
f6 Bxg2 22. Rf2 Be4 23. fxg7 Re5 24. Rd1 Rd8 25. Bf3 Kxg7 26. Rd4 Bxf3 27. Rxf3
f6 28. Rb3 b5 29. axb5 axb5 30. cxb5 Rb8 31. b6 d5 32. Kf2 Re6 33. b7 Re7 34.
Rxd5 Rexb7 1/2-1/2

[Event "Gibtelecom ChallWk1 6th"]
[Site "Gibraltar"]
[Date "2008.01.23"]
[Round "2.13"]
[White "Georgieva, Emilia"]
[Black "Jap Tjoen San, Linda"]
[Result "1/2-1/2"]
[WhiteElo "1985"]
[BlackElo "2174"]
[PlyCount "83"]
[EventDate "2008.01.22"]
[EventType "swiss"]
[EventRounds "5"]
[EventCountry "GGB"]
[SourceTitle "BritBase"]
[Source "www.saund.co.uk"]
[SourceDate "2018.02.10"]
[SourceVersion "1"]
[SourceVersionDate "2018.02.10"]
[SourceQuality "1"]

1. d4 Nf6 2. Nf3 g6 3. c3 Bg7 4. Bg5 d6 5. e3 Nbd7 6. Nbd2 O-O 7. Bd3 b6 8. Qc2
Bb7 9. Bxf6 Nxf6 10. h4 Qe8 11. h5 e5 12. dxe5 dxe5 13. hxg6 hxg6 14. e4 a5 15.
O-O-O a4 16. Rh4 b5 17. Rdh1 c5 18. Ng5 c4 19. Be2 Qe7 20. Nh7 Rfd8 21. Ng5
Rac8 22. Ndf3 Qc5 23. Nxf7 Kxf7 24. Ng5+ Ke7 25. Bg4 Nxg4 26. Rxg4 Rh8 27. Nh7
Rc6 28. Qd2 a3 29. Rd1 Bc8 30. Qg5+ Bf6 31. Nxf6 axb2+ 32. Kb1 Rxf6 33. Rf4
Rhf8 34. Rd5 Qxd5 35. exd5 exf4 36. Qe5+ Kf7 37. Kxb2 Re8 38. Qc7+ Kg8 39. Ka3
Rf7 40. Qc6 Ra7+ 41. Kb4 Kf7 42. Qd6 {scoresheet illegible - draw after about
53 moves} 1/2-1/2

[Event "Gibtelecom ChallWk1 6th"]
[Site "Gibraltar"]
[Date "2008.01.23"]
[Round "2.14"]
[White "Kawuma, Steven Male"]
[Black "Pettersson, Anders"]
[Result "1-0"]
[WhiteElo "2166"]
[BlackElo "1984"]
[PlyCount "81"]
[EventDate "2008.01.22"]
[EventType "swiss"]
[EventRounds "5"]
[EventCountry "GGB"]
[SourceTitle "BritBase"]
[Source "www.saund.co.uk"]
[SourceDate "2018.02.10"]
[SourceVersion "1"]
[SourceVersionDate "2018.02.10"]
[SourceQuality "1"]

1. e4 c5 2. Nf3 g6 3. d4 cxd4 4. Nxd4 Nc6 5. Nc3 Bg7 6. Be3 Nf6 7. f3 O-O 8.
Qd2 d5 9. exd5 Nxd5 10. Nxd5 Qxd5 11. c4 Qd7 12. Nxc6 Qxc6 13. Rd1 Qf6 14. b3
Qc3 15. Qxc3 Bxc3+ 16. Kf2 Be6 17. Rd3 Bb4 18. Be2 b6 19. Rhd1 Bc5 20. Bxc5
bxc5 21. Re3 a5 22. Ke1 a4 23. Kd2 axb3 24. axb3 Ra2+ 25. Kc3 Rb8 26. Rb1 Kg7
27. Rb2 Ra1 28. Re5 Rc8 29. f4 Rc7 30. Bd3 Rc1+ 31. Rc2 Rxc2+ 32. Bxc2 h5 33.
Be4 Kf6 34. Bf3 Bf5 35. b4 cxb4+ 36. Kxb4 Bd3 37. c5 e6 38. c6 Ke7 39. Kc5 Bc2
40. Re2 Bb3 41. Rb2 1-0

[Event "Gibtelecom ChallWk1 6th"]
[Site "Gibraltar"]
[Date "2008.01.23"]
[Round "2.15"]
[White "Edvardsen, Ingar"]
[Black "Osuna Vega, Enrique"]
[Result "0-1"]
[WhiteElo "1972"]
[BlackElo "2146"]
[PlyCount "73"]
[EventDate "2008.01.22"]
[EventType "swiss"]
[EventRounds "5"]
[EventCountry "GGB"]
[SourceTitle "BritBase"]
[Source "www.saund.co.uk"]
[SourceDate "2018.02.10"]
[SourceVersion "1"]
[SourceVersionDate "2018.02.10"]
[SourceQuality "1"]

1. e4 c5 2. Nc3 e6 3. f4 Nc6 4. Bb5 Nge7 5. Nf3 g6 6. e5 d5 7. O-O a6 8. Bxc6+
bxc6 9. a4 a5 10. d3 Nf5 11. Ne2 Ba6 12. Qe1 Be7 13. Bd2 Bb7 14. Nc1 Qb6 15.
Ra2 h5 16. c4 Bc8 17. b3 Bd7 18. Rb2 Kf8 19. Ne2 h4 20. g4 hxg3 21. Nxg3 Kg7
22. Nxf5+ exf5 23. Ng5 Be6 24. Rf2 Qc7 25. Rg2 Rh6 26. Be3 Rh5 27. Qg3 Bxg5 28.
fxg5 d4 29. Bf4 Rah8 30. Qf2 Rh3 31. Qe2 R3h4 32. Bd2 f4 33. Rf2 Qd8 34. Qe4
Qxg5+ 35. Kh1 Qg3 36. Bxf4 Qg4 37. Rbe2 {illegible} 0-1

[Event "Gibtelecom ChallWk1 6th"]
[Site "Gibraltar"]
[Date "2008.01.23"]
[Round "2.17"]
[White "Gandrud, Vegar Koi"]
[Black "Ungureanu, Sandu"]
[Result "1/2-1/2"]
[WhiteElo "1819"]
[BlackElo "2137"]
[PlyCount "78"]
[EventDate "2008.01.22"]
[EventType "swiss"]
[EventRounds "5"]
[EventCountry "GGB"]
[SourceTitle "BritBase"]
[Source "www.saund.co.uk"]
[SourceDate "2018.02.10"]
[SourceVersion "1"]
[SourceVersionDate "2018.02.10"]
[SourceQuality "1"]

1. d4 d5 2. c4 dxc4 3. e3 Be6 4. Na3 c6 5. Nxc4 Bxc4 6. Bxc4 e6 7. Nf3 Bb4+ 8.
Bd2 Bxd2+ 9. Qxd2 Nf6 10. O-O Nbd7 11. b4 O-O 12. a4 a5 13. bxa5 Qxa5 14. Rfb1
Qxd2 15. Nxd2 Ra7 16. a5 Rfa8 17. Nb3 Kf8 18. f3 Ke7 19. e4 b6 20. axb6 Nxb6
21. Na5 Rxa5 22. Rxa5 Rxa5 23. Rxb6 Kd6 24. e5+ Kc7 25. Ra6 Rxa6 26. Bxa6 Nd7
27. Kf2 Kb6 28. Bd3 g6 29. h4 h6 30. g4 c5 31. Ke3 Ka5 32. f4 Kb4 33. dxc5 Kxc5
34. Bc2 Nb6 35. h5 gxh5 36. gxh5 f6 37. Bb3 fxe5 38. Bxe6 exf4+ 39. Kxf4 Kd6
1/2-1/2

[Event "Gibtelecom ChallWk1 6th"]
[Site "Gibraltar"]
[Date "2008.01.23"]
[Round "2.18"]
[White "Quinn, Joseph"]
[Black "Vinas Guerrero, Carlos A"]
[Result "1-0"]
[WhiteElo "1750"]
[BlackElo "2129"]
[PlyCount "89"]
[EventDate "2008.01.22"]
[EventType "swiss"]
[EventRounds "5"]
[EventCountry "GGB"]
[SourceTitle "BritBase"]
[Source "www.saund.co.uk"]
[SourceDate "2018.02.10"]
[SourceVersion "1"]
[SourceVersionDate "2018.02.10"]
[SourceQuality "1"]

1. e4 c5 2. c3 d5 3. exd5 Qxd5 4. d4 Nf6 5. Nf3 Bg4 6. Be2 e6 7. h3 Bh5 8. O-O
Nc6 9. Be3 cxd4 10. cxd4 Be7 11. Nc3 Qd6 12. Qb3 O-O 13. Rfd1 a6 14. d5 Nd8 15.
dxe6 Qxe6 16. Qxe6 fxe6 17. g4 Be8 18. Bb6 Nd5 19. Nxd5 exd5 20. Rxd5 Bc6 21.
Rd3 Bb5 22. Re3 Nc6 23. Bxb5 axb5 24. Kg2 Bf6 25. Rb3 b4 26. Bc5 Rfe8 27. Bxb4
Re2 28. Bc3 Bxc3 29. bxc3 Na5 30. Ra3 b6 31. Rb1 Rf8 32. Ra4 Rc2 33. Rxb6 Rxc3
34. Ne5 Rc2 35. Rxa5 Rfxf2+ 36. Kg3 Rg2+ 37. Kh4 h6 38. Ra8+ Kh7 39. Rbb8 g5+
40. Kh5 Kg7 41. Rb6 Rxa2 42. Rg6+ Kh7 43. Rxh6+ Kg7 44. Rg6+ Kh7 45. Rag8 1-0

[Event "Gibtelecom ChallWk1 6th"]
[Site "Gibraltar"]
[Date "2008.01.23"]
[Round "2.20"]
[White "Arnott, Jonathan W"]
[Black "Molina, Antonio"]
[Result "1-0"]
[WhiteElo "2117"]
[BlackElo "2011"]
[PlyCount "117"]
[EventDate "2008.01.22"]
[EventType "swiss"]
[EventRounds "5"]
[EventCountry "GGB"]
[SourceTitle "BritBase"]
[Source "www.saund.co.uk"]
[SourceDate "2018.02.10"]
[SourceVersion "1"]
[SourceVersionDate "2018.02.10"]
[SourceQuality "1"]

1. e4 c5 2. c3 Nf6 3. e5 Nd5 4. d4 cxd4 5. cxd4 Nc6 6. Nf3 d6 7. Bc4 Nb6 8. Bb3
d5 9. O-O Bg4 10. Be3 e6 11. Nc3 Be7 12. Rc1 O-O 13. Bc2 Nb4 14. Bb1 Nc4 15.
Qe2 Rc8 16. a3 Nc6 17. Bd3 Bxf3 18. gxf3 N4xe5 19. dxe5 d4 20. f4 dxc3 21. Rxc3
f5 22. Bc4 Kh8 23. Bxe6 Ra8 24. Qh5 g6 25. Qh6 Qe8 26. Rd3 Rd8 27. Rfd1 Rxd3
28. Rxd3 Nd8 29. Bd7 Nf7 30. Bxe8 Nxh6 31. Ba4 Rd8 32. Rxd8+ Bxd8 33. Bxa7 Kg7
34. Bd4 Kf7 35. f3 b6 36. Kf2 Ke7 37. Bb3 Bc7 38. Bd5 Nf7 39. Ke3 Nd8 40. b4
Ne6 41. Bc3 b5 42. Bc6 Bb6+ 43. Kd2 Bg1 44. h4 Bh2 45. Bxb5 Bxf4+ 46. Ke2 Bg3
47. Bc4 Bxh4 48. b5 Kd7 49. a4 Bd8 50. a5 h5 51. b6 h4 52. Bxe6+ Kxe6 53. f4
Kd7 54. Bd4 Kc6 55. a6 Be7 56. Kf3 g5 57. fxg5 Bxg5 58. b7 Kc7 59. Ba7 1-0

[Event "Gibtelecom ChallWk1 6th"]
[Site "Gibraltar"]
[Date "2008.01.23"]
[Round "2.21"]
[White "Arvola, Benjamin"]
[Black "Hickman, John E"]
[Result "1-0"]
[WhiteElo "2062"]
[BlackElo "2009"]
[PlyCount "101"]
[EventDate "2008.01.22"]
[EventType "swiss"]
[EventRounds "5"]
[EventCountry "GGB"]
[SourceTitle "BritBase"]
[Source "www.saund.co.uk"]
[SourceDate "2018.02.10"]
[SourceVersion "1"]
[SourceVersionDate "2018.02.10"]
[SourceQuality "1"]

1. d4 d6 2. c4 e5 3. e3 Nd7 4. Nc3 Ngf6 5. Be2 g6 6. Nf3 Bg7 7. O-O O-O 8. b3
e4 9. Nd2 Re8 10. Qc2 Qe7 11. Ba3 c5 12. Nb5 Nf8 13. dxc5 dxc5 14. Rad1 a6 15.
Nc3 Bf5 16. Nd5 Nxd5 17. cxd5 Nd7 18. Nc4 Rac8 19. Qd2 b5 20. Na5 Ne5 21. Rc1
Qg5 22. Kh1 b4 23. Bb2 Nd3 24. Bxd3 Bxb2 25. Qxb2 exd3 26. Nc4 Rcd8 27. f3 Rxd5
28. e4 Bxe4 29. fxe4 Rxe4 30. Qf2 f5 31. Rce1 Qe7 32. Rxe4 fxe4 33. Qe3 Rf5 34.
Nd2 Qf6 35. Re1 Rf2 36. Kg1 Re2 37. Rxe2 dxe2 38. Qxe2 Qa1+ 39. Nf1 Qd4+ 40.
Qe3 Qb2 41. Qf2 Qc3 42. Qd2 Qa1 43. Kf2 a5 44. Ne3 a4 45. bxa4 Qf6+ 46. Ke2
Qa6+ 47. Ke1 Qxa4 48. Ng4 Qc6 49. Qd8+ Kg7 50. Qe7+ Kg8 51. Nh6+ 1-0

[Event "Gibtelecom ChallWk1 6th"]
[Site "Gibraltar"]
[Date "2008.01.23"]
[Round "2.22"]
[White "Strand, Haakon"]
[Black "Skage, Oystein Aagedal"]
[Result "0-1"]
[WhiteElo "2045"]
[BlackElo "1919"]
[PlyCount "70"]
[EventDate "2008.01.22"]
[EventType "swiss"]
[EventRounds "5"]
[EventCountry "GGB"]
[SourceTitle "BritBase"]
[Source "www.saund.co.uk"]
[SourceDate "2018.02.10"]
[SourceVersion "1"]
[SourceVersionDate "2018.02.10"]
[SourceQuality "1"]

1. e4 c5 2. Nf3 d6 3. d4 cxd4 4. Nxd4 Nf6 5. Nc3 a6 6. Be3 e5 7. Nb3 Be6 8. f3
Be7 9. Qd2 O-O 10. O-O-O Nbd7 11. g4 b5 12. g5 b4 13. Ne2 Ne8 14. f4 a5 15. f5
a4 16. Nbd4 exd4 17. Nxd4 b3 18. Kb1 bxc2+ 19. Nxc2 Bb3 20. axb3 axb3 21. Na3
Ne5 22. h4 Ra4 23. Qg2 Qa8 24. f6 Bd8 25. Bd4 Nc7 26. h5 Ne6 27. Bxe5 dxe5 28.
Bd3 Nf4 29. Qg3 Rxa3 30. bxa3 Qxa3 31. Qf2 Bb6 32. Qb2 Qb4 33. Qd2 Qa4 34. Bb5
Qxb5 35. Qd7 Qe2 0-1

[Event "Gibtelecom ChallWk1 6th"]
[Site "Gibraltar"]
[Date "2008.01.23"]
[Round "2.23"]
[White "Hamer, Martyn"]
[Black "Pettersen, Joar Gullestad"]
[Result "1-0"]
[WhiteElo "1962"]
[BlackElo "2026"]
[PlyCount "123"]
[EventDate "2008.01.22"]
[EventType "swiss"]
[EventRounds "5"]
[EventCountry "GGB"]
[SourceTitle "BritBase"]
[Source "www.saund.co.uk"]
[SourceDate "2018.02.10"]
[SourceVersion "1"]
[SourceVersionDate "2018.02.10"]
[SourceQuality "1"]

1. e4 e5 2. Nf3 Nc6 3. Bb5 a6 4. Ba4 Nf6 5. d3 d6 6. O-O g6 7. c3 Bg7 8. Re1 b5
9. Bb3 O-O 10. Nbd2 Bb7 11. Nf1 Na5 12. Bc2 h6 13. Ng3 c5 14. h4 Nc6 15. h5 Qd7
16. hxg6 fxg6 17. a4 Kh7 18. Qe2 Rae8 19. axb5 axb5 20. Be3 Ng4 21. Bd2 Rf6 22.
Rf1 Ref8 23. Bd1 Nd8 24. Ng5+ hxg5 25. Qxg4 Qf7 26. f3 Ne6 27. Bb3 c4 28. dxc4
Nf4 29. Ra7 bxc4 30. Ba4 Qc7 31. Be3 Ne6 32. Bc2 Qc8 33. Rfa1 Rf4 34. Bxf4 Rxf4
35. Qh3+ Rh4 36. Qxe6 Qxe6 37. Rxb7 Kg8 38. Ra8+ Bf8 39. Ne2 Rh8 40. b3 Qf6 41.
bxc4 Rh7 42. Rbb8 Rf7 43. c5 d5 44. Bb3 Kh7 45. Rc8 Bg7 46. Bxd5 Re7 47. c6 g4
48. fxg4 Bh6 49. Rh8+ Qxh8 50. Rxh8+ Kxh8 51. c4 Be3+ 52. Kf1 Kg7 53. Nc3 Kf6
54. Bg8 Ra7 55. Nd5+ Kg7 56. Nxe3 Kxg8 57. Nd5 Kf7 58. c7 Ra8 59. Nb6 Ra1+ 60.
Ke2 Ra2+ 61. Kd3 Ra6 62. c8=Q 1-0

[Event "Gibtelecom ChallWk1 6th"]
[Site "Gibraltar"]
[Date "2008.01.23"]
[Round "2.24"]
[White "Gravett, Alan D"]
[Black "Husin, Axel"]
[Result "1/2-1/2"]
[WhiteElo "1869"]
[BlackElo "2012"]
[PlyCount "83"]
[EventDate "2008.01.22"]
[EventType "swiss"]
[EventRounds "5"]
[EventCountry "GGB"]
[SourceTitle "BritBase"]
[Source "www.saund.co.uk"]
[SourceDate "2018.02.10"]
[SourceVersion "1"]
[SourceVersionDate "2018.02.10"]
[SourceQuality "1"]

1. g3 d5 2. Bg2 Nf6 3. Nf3 Bf5 4. O-O e6 5. c4 c6 6. cxd5 cxd5 7. Ne5 Nc6 8.
Qa4 Qc7 9. d4 Bd6 10. Nc3 Qa5 11. Nxc6 Qxa4 12. Nxa4 bxc6 13. Bf4 Bxf4 14. gxf4
Ke7 15. Rfc1 Rhc8 16. Bf1 Rab8 17. b3 Kd6 18. e3 Nd7 19. Nc5 Nxc5 20. Rxc5 f6
21. Rac1 Bg6 22. f3 Rb6 23. Kf2 Rc7 24. R1c3 Re7 25. b4 Rc7 26. b5 Be8 27. a4
Rbb7 28. e4 f5 29. e5+ Ke7 30. Ke3 h6 31. h4 Rb8 32. Kd2 Rbb7 33. Kc1 Kd8 34.
bxc6 Rb4 35. Rb5 Rxa4 36. Rb8+ Ke7 37. Bb5 Rb4 38. Rc5 Rxd4 39. Rb7 Kd8 40.
Rb8+ Ke7 41. Rb7 Kd8 42. Rb8+ 1/2-1/2

[Event "Gibtelecom ChallWk1 6th"]
[Site "Gibraltar"]
[Date "2008.01.23"]
[Round "2.25"]
[White "Petrovic, Marko"]
[Black "Hansen, Pal Andreas"]
[Result "1/2-1/2"]
[WhiteElo "1983"]
[BlackElo "2108"]
[PlyCount "80"]
[EventDate "2008.01.22"]
[EventType "swiss"]
[EventRounds "5"]
[EventCountry "GGB"]
[SourceTitle "BritBase"]
[Source "www.saund.co.uk"]
[SourceDate "2018.02.10"]
[SourceVersion "1"]
[SourceVersionDate "2018.02.10"]
[SourceQuality "1"]

1. Nf3 Nf6 2. g3 g6 3. b3 Bg7 4. Bb2 c5 5. Bg2 O-O 6. O-O Nc6 7. c4 d6 8. Nc3
Bg4 9. e3 Qd7 10. d4 cxd4 11. exd4 d5 12. Qd2 dxc4 13. Rad1 cxb3 14. d5 Bxf3
15. Bxf3 Ne5 16. Be2 bxa2 17. Nxa2 Qd6 18. Nc3 a6 19. h4 Rac8 20. Qd4 Nfd7 21.
Ne4 Qb6 22. Qxb6 Nxb6 23. d6 exd6 24. Nxd6 Rc2 25. Bxe5 Bxe5 26. Bf3 Bxd6 27.
Rxd6 Nc4 28. Rd7 Ne5 29. Bd1 Nxd7 30. Bxc2 Rc8 31. Be4 Rc7 32. Rb1 Nc5 33. Rc1
b5 34. Kf1 b4 35. Bd5 a5 36. Rc4 b3 37. Rc1 a4 38. Ke2 b2 39. Rb1 a3 40. Ke3
Na4 1/2-1/2

[Event "Gibtelecom ChallWk1 6th"]
[Site "Gibraltar"]
[Date "2008.01.23"]
[Round "2.26"]
[White "Joseph, Adrian P"]
[Black "Tofte, Sondre Waage"]
[Result "0-1"]
[WhiteElo "1958"]
[BlackElo "2108"]
[PlyCount "68"]
[EventDate "2008.01.22"]
[EventType "swiss"]
[EventRounds "5"]
[EventCountry "GGB"]
[SourceTitle "BritBase"]
[Source "www.saund.co.uk"]
[SourceDate "2018.02.10"]
[SourceVersion "1"]
[SourceVersionDate "2018.02.10"]
[SourceQuality "1"]

1. b3 e5 2. Bb2 Nc6 3. e3 d5 4. Bb5 Bd6 5. c4 Nf6 6. Nf3 Qe7 7. h3 O-O 8. Bxc6
bxc6 9. d4 Bb4+ 10. Bc3 exd4 11. Qxd4 Ba6 12. O-O c5 13. Bxb4 cxb4 14. Nbd2 c5
15. Qh4 Rad8 16. Rfe1 Rfe8 17. Rad1 h6 18. g4 dxc4 19. Nxc4 Bxc4 20. bxc4 Qe4
21. Qg3 Qxc4 22. Rxd8 Rxd8 23. g5 hxg5 24. Nxg5 Qxa2 25. e4 Qd2 26. Re3 c4 27.
Qc7 Qc1+ 28. Kg2 Rf8 29. Rg3 Qc2 30. Qb7 b3 31. e5 b2 32. exf6 b1=Q 33. Qf3
Qcd1 34. Qf4 Qh1# 0-1

[Event "Gibtelecom ChallWk1 6th"]
[Site "Gibraltar"]
[Date "2008.01.23"]
[Round "2.28"]
[White "Campeanu, Alin-Vivian"]
[Black "Dasaolu, Adeoye"]
[Result "0-1"]
[WhiteElo "1912"]
[BlackElo "2064"]
[PlyCount "72"]
[EventDate "2008.01.22"]
[EventType "swiss"]
[EventRounds "5"]
[EventCountry "GGB"]
[SourceTitle "BritBase"]
[Source "www.saund.co.uk"]
[SourceDate "2018.02.10"]
[SourceVersion "1"]
[SourceVersionDate "2018.02.10"]
[SourceQuality "1"]

1. e4 c5 2. Nc3 d6 3. f4 g6 4. Nf3 Bg7 5. Bc4 e6 6. d3 Ne7 7. Bb3 Nbc6 8. a3 d5
9. O-O O-O 10. Qe1 Nd4 11. Nxd4 cxd4 12. Ne2 dxe4 13. dxe4 d3 14. Nc3 dxc2 15.
Bxc2 b6 16. Kh1 Bb7 17. f5 exf5 18. exf5 Nd5 19. Ne4 Re8 20. fxg6 hxg6 21. Qf2
Qc7 22. Ng5 Ba6 23. Rd1 Re2 24. Qf3 Rxc2 25. Rxd5 Bb7 26. Bf4 Bxd5 27. Qxd5 Rd8
28. Qf3 Qd7 29. Rf1 Qf5 30. Qe3 Qd5 31. Qh3 Bh6 32. Nxf7 Qxf7 33. Qxh6 Rc5 34.
Qh4 g5 35. Qg3 Rdd5 36. Re1 Rc2 {rest of scoresheet illegible but 0-1 after 52
moves} 0-1

[Event "Gibtelecom ChallWk1 6th"]
[Site "Gibraltar"]
[Date "2008.01.23"]
[Round "2.29"]
[White "Munz, Jostein"]
[Black "Haugstad, Espen"]
[Result "0-1"]
[WhiteElo "1861"]
[BlackElo "2042"]
[PlyCount "32"]
[EventDate "2008.01.22"]
[EventType "swiss"]
[EventRounds "5"]
[EventCountry "GGB"]
[SourceTitle "BritBase"]
[Source "www.saund.co.uk"]
[SourceDate "2018.02.10"]
[SourceVersion "1"]
[SourceVersionDate "2018.02.10"]
[SourceQuality "1"]

1. e4 c5 2. c3 Nf6 3. e5 Nd5 4. d4 cxd4 5. cxd4 Nc6 6. Nf3 d6 7. exd6 Qxd6 8.
Nc3 Nxc3 9. bxc3 Bg4 10. a4 e5 11. Ba3 Qf6 12. Bxf8 Kxf8 13. dxe5 Nxe5 14. Nxe5
Qxe5+ 15. Be2 Bxe2 16. f4 Qxf4 0-1

[Event "Gibtelecom ChallWk1 6th"]
[Site "Gibraltar"]
[Date "2008.01.23"]
[Round "2.30"]
[White "Wynarczyk, Raymond"]
[Black "Reppen, Ellisiv"]
[Result "1/2-1/2"]
[WhiteElo "2039"]
[BlackElo "1918"]
[PlyCount "61"]
[EventDate "2008.01.22"]
[EventType "swiss"]
[EventRounds "5"]
[EventCountry "GGB"]
[SourceTitle "BritBase"]
[Source "www.saund.co.uk"]
[SourceDate "2018.02.10"]
[SourceVersion "1"]
[SourceVersionDate "2018.02.10"]
[SourceQuality "1"]

1. e4 e5 2. Nf3 Nc6 3. Bb5 a6 4. Ba4 Nf6 5. Qe2 b5 6. Bb3 Be7 7. c3 d6 8. h3
Na5 9. Bc2 c5 10. O-O O-O 11. d3 h6 12. Be3 Nh7 13. Nbd2 f5 14. exf5 Bxf5 15.
Ne4 Nf6 16. Nxf6+ Bxf6 17. Rac1 Rc8 18. d4 e4 19. Nd2 cxd4 20. Bxd4 Bxd4 21.
cxd4 d5 22. Nb3 Nxb3 23. Bxb3 Rxc1 24. Rxc1 Bxh3 25. Qxe4 Kh8 26. Qxd5 Qf6 27.
gxh3 Qxf2+ 28. Kh1 Qe3 29. Rd1 Qxh3+ 30. Kg1 Qe3+ 31. Kh1 1/2-1/2

[Event "Gibtelecom ChallWk1 6th"]
[Site "Gibraltar"]
[Date "2008.01.23"]
[Round "2.31"]
[White "Revesz, Kinga"]
[Black "Jorgensen, Line Jin"]
[Result "1-0"]
[WhiteElo "2026"]
[BlackElo "1867"]
[PlyCount "69"]
[EventDate "2008.01.22"]
[EventType "swiss"]
[EventRounds "5"]
[EventCountry "GGB"]
[SourceTitle "BritBase"]
[Source "www.saund.co.uk"]
[SourceDate "2018.02.10"]
[SourceVersion "1"]
[SourceVersionDate "2018.02.10"]
[SourceQuality "1"]

1. c4 Nf6 2. Nc3 g6 3. g3 Bg7 4. Bg2 O-O 5. Nf3 c5 6. d3 d6 7. Nd2 Nc6 8. Rb1
e5 9. a3 a5 10. O-O Rb8 11. Nde4 Nxe4 12. Nxe4 h6 13. Nc3 Be6 14. Bd2 Kh7 15.
Nd5 f5 16. b4 axb4 17. axb4 Bxd5 18. Bxd5 Nxb4 19. Bxb4 cxb4 20. Rxb4 b6 21.
Qb3 f4 22. Ra4 fxg3 23. hxg3 b5 24. cxb5 Qb6 25. Ra6 Qc5 26. b6 e4 27. Qc4 exd3
28. exd3 Bd4 29. Qxc5 Bxc5 30. b7 Kg7 31. Ra8 Bd4 32. Kg2 g5 33. f3 Rbe8 34.
Rb1 Re2+ 35. Kh1 1-0

[Event "Gibtelecom ChallWk1 6th"]
[Site "Gibraltar"]
[Date "2008.01.23"]
[Round "2.32"]
[White "Manetto, Luis"]
[Black "Mancini, Giustino"]
[Result "0-1"]
[WhiteElo "1592"]
[BlackElo "2020"]
[PlyCount "50"]
[EventDate "2008.01.22"]
[EventType "swiss"]
[EventRounds "5"]
[EventCountry "GGB"]
[SourceTitle "BritBase"]
[Source "www.saund.co.uk"]
[SourceDate "2018.02.10"]
[SourceVersion "1"]
[SourceVersionDate "2018.02.10"]
[SourceQuality "1"]

1. e4 d5 2. exd5 Qxd5 3. Nc3 Qd6 4. Bb5+ c6 5. Be2 Nf6 6. Nf3 Bg4 7. h3 Bh5 8.
O-O e6 9. d3 Nbd7 10. Be3 Be7 11. Qd2 Qc7 12. Rfe1 O-O 13. Rad1 Rad8 14. Nd4
Bg6 15. Bf3 Ne5 16. Bf4 Bd6 17. Bg5 Bc5 18. Ne4 Bxd4 19. Nxf6+ gxf6 20. Bh6
Nxf3+ 21. gxf3 Qg3+ 22. Kf1 Qxf3 23. Qf4 Qxf4 24. Bxf4 Bxb2 25. Rb1 Bc3 0-1

[Event "Gibtelecom ChallWk1 6th"]
[Site "Gibraltar"]
[Date "2008.01.24"]
[Round "3.1"]
[White "Reppen, Sigmund"]
[Black "Bigg, Andrew J"]
[Result "1/2-1/2"]
[WhiteElo "2061"]
[BlackElo "2231"]
[PlyCount "84"]
[EventDate "2008.01.22"]
[EventType "swiss"]
[EventRounds "5"]
[EventCountry "GGB"]
[SourceTitle "BritBase"]
[Source "www.saund.co.uk"]
[SourceDate "2018.02.10"]
[SourceVersion "1"]
[SourceVersionDate "2018.02.10"]
[SourceQuality "1"]

1. e4 e6 2. Qe2 c5 3. f4 Nc6 4. Nf3 g6 5. g3 Bg7 6. c3 Nge7 7. Bg2 d5 8. d3 O-O
9. O-O b6 10. Rd1 Ba6 11. e5 Qd7 12. Na3 Rac8 13. Nc2 Rfd8 14. Qe1 Rc7 15. Kh1
Qc8 16. Be3 d4 17. cxd4 cxd4 18. Ncxd4 Nxd4 19. Nxd4 Nd5 20. Bf2 Bf8 21. a3 Bc5
22. Nb3 Bxf2 23. Qxf2 Rc2 24. Rd2 Bxd3 25. Rxc2 Qxc2 26. Qxc2 Bxc2 27. Nd4 Ba4
28. b3 Be8 29. Nc2 Nc3 30. Ne3 Rd3 31. Ng4 h5 32. Nf6+ Kf8 33. Bb7 Rd1+ 34.
Rxd1 Nxd1 35. Nxe8 Kxe8 36. Bc6+ Ke7 37. a4 Ne3 38. Bb5 h4 39. Kg1 hxg3 40.
hxg3 g5 41. Kf2 gxf4 42. gxf4 Nd5 1/2-1/2

[Event "Gibtelecom ChallWk1 6th"]
[Site "Gibraltar"]
[Date "2008.01.24"]
[Round "3.2"]
[White "Kvisla, Johannes Luangtep"]
[Black "Hagen, Anders Gjerdrum"]
[Result "1-0"]
[WhiteElo "2130"]
[BlackElo "2049"]
[PlyCount "71"]
[EventDate "2008.01.22"]
[EventType "swiss"]
[EventRounds "5"]
[EventCountry "GGB"]
[SourceTitle "BritBase"]
[Source "www.saund.co.uk"]
[SourceDate "2018.02.10"]
[SourceVersion "1"]
[SourceVersionDate "2018.02.10"]
[SourceQuality "1"]

1. Nf3 Nf6 2. c4 e6 3. Nc3 d5 4. d4 Be7 5. Bf4 O-O 6. e3 c5 7. Bd3 Nc6 8. cxd5
exd5 9. h3 cxd4 10. exd4 Qb6 11. O-O Qxb2 12. Nb5 a6 13. Rb1 Qxa2 14. Ra1 Qb2
15. Qa4 axb5 16. Qxa8 Nxd4 17. Ne5 Ne2+ 18. Bxe2 Qxe2 19. Rfe1 Qh5 20. Qa5 Qf5
21. Nd3 Ne4 22. g4 Qg6 23. Qc7 Bd6 24. Bxd6 Qxd6 25. Qxd6 Nxd6 26. Nf4 f5 27.
Nxd5 fxg4 28. Ne7+ Kf7 29. Nxc8 Rxc8 30. hxg4 Rc4 31. f3 b4 32. Rad1 Rc6 33.
Rd4 Rb6 34. Rb1 b3 35. Rb2 Ke6 36. Rd3 1-0